Pashchatya Aalochak Aur Aalochana (Record no. 48757)

MARC details
000 -LEADER
fixed length control field 00489nam a2200193 4500
008 - FIXED-LENGTH DATA ELEMENTS--GENERAL INFORMATION
fixed length control field 240912b ||||| |||| 00| 0 eng d
020 ## - INTERNATIONAL STANDARD BOOK NUMBER
International Standard Book Number 9789355180872
041 ## - LANGUAGE CODE
Language code of text/sound track or separate title hin
082 ## - DEWEY DECIMAL CLASSIFICATION NUMBER
Classification number 891.43
Item number NAP
100 ## - MAIN ENTRY--PERSONAL NAME
Personal name Namwar Singh
110 ## - MAIN ENTRY--CORPORATE NAME
Corporate name or jurisdiction name as entry element Rajkumar (Ed.)
245 ## - TITLE STATEMENT
Title Pashchatya Aalochak Aur Aalochana
260 ## - PUBLICATION, DISTRIBUTION, ETC.
Place of publication, distribution, etc. New Delhi
Name of publisher, distributor, etc. Vani Prakashan
Date of publication, distribution, etc. 2022
300 ## - PHYSICAL DESCRIPTION
Extent 287p.
650 ## - SUBJECT ADDED ENTRY--TOPICAL TERM
Topical term or geographic name entry element HINDI
710 ## - ADDED ENTRY--CORPORATE NAME
Corporate name or jurisdiction name as entry element Dubey, Udaybhan (Ed.)
710 ## - ADDED ENTRY--CORPORATE NAME
Corporate name or jurisdiction name as entry element Barnwal, Akanksha(Ed.)
942 ## - ADDED ENTRY ELEMENTS (KOHA)
Source of classification or shelving scheme Dewey Decimal Classification
Koha item type Books
Holdings
Withdrawn status Lost status Source of classification or shelving scheme Damaged status Not for loan Home library Current library Date acquired Source of acquisition Cost, normal purchase price Total Checkouts Full call number Barcode Date last seen Price effective from Koha item type
    Dewey Decimal Classification     Chaudhary Ranbir Singh University Chaudhary Ranbir Singh University 05.08.2024 International Book Center 595.00   891.43 NAP 35726 12.09.2024 12.09.2024 Books


Copyright © 2025 CRSU. All Rights Reserved.